000
00320 a2200157 4500
001
193098
020
_a
978-85-424-0605-4
040
_c
Magnum
100
_a
Trindade, Kátia
240
1
0
_a
Fidelidade
_l
por
245
1
0
_a
Fidelidade
300
_a
15
362
0
_a
2017
697
_a
LITERATURA INFANTIL
942
_c
BK
999
_c
193098
_d
193098